000
00273nam a2200109Ia 4500
001
588915
005
20250717120839.0
008
250717s9999 xx 000 0 und d
245
0
_a
Y-8 MASAL İSTANBUL
_c
FİGEN YAMAN COŞAR
260
_b
ERDEM YAYINLARI
_c
2020
300
_b
192
999
_c
588915
_d
588915